000 00767nam a22002417a 4500
001 604
003 BR-CuiBMT
005 20231110191643.0
008 231110s2010 mgba 000 0 por d
020 _a9788577003631
040 _aBR-CuiBMT
_cBR-CuiBMT
080 _22007
_a342.9
090 _a342.9
_bC287i
100 1 _aCarmona, Paulo Afonso Cavichioli
245 _aIntervenção do estado na propriedade :
_b instrumentos tradicionais e novos /
_cPaulo Afonso Cavichioli Carmona ; prefácio,Edgar Guimarães.
260 _aBelo Horizonte
_bFórum,
_c2010.
300 _a133 p.:
_bil.
_c22 cm
504 _aInclui bibliografia.
650 _aDireito de propriedade
650 _aDireito de superfície
650 _aDireito administrativo
942 _2udc
_cLV
999 _c604
_d604